000 00728nam a2200265Ia 4500
003 OSt
005 20221006151020.0
006 a|||||r|||| 00| 0
007 ta
008 221006b |||||||| |||| 00| 0 jpn d
020 _c¥9500
024 _a20,648
037 _bGift, Japan Foundation
_cTextual
040 _aEASL
_cEASL
_bjpn
041 _2jpn
_ajpn
082 _aX:322.42.N8, M5
100 _aISOBE Tosihiko
_9658102
245 0 _aNihon nogyo no tochi mondai
260 _aTokyo
_bTokyo Daigaku Shuppankai Japan
_c1985
300 _a587p.
_ccm.
490 _v JL
650 _aJL
942 _hX:322.42.N8, M5
_cTEXL
_2CC
999 _c1088734
_d1088734